Football : Tottenham effectif Champion d'Europa League 2025 - Statistiques

Statistiques générales
  • Ce quiz a été pris 100 fois
  • Le résultat moyen est 22 sur 37
Statistiques - réponses
Poste Pays Joueur % Correct
Gardien Italie GuglielmoVicario
91%
Ailier Corée du Sud Heung-Min Son
90%
Latéral gauche Italie Destiny Udogie
87%
Latéral droit Espagne Pedro Porro
87%
Buteur Brésil Richarlison
86%
Défenseur central Argentine Cristian Romero
83%
Défenseur central Pays-Bas Micky Van de Ven
81%
Milieu Sénégal Pape Sarr
79%
Ailier Pays de Galles Brennan Johnson
78%
Buteur France Mathys Tel
78%
Milieu offensif Angleterre James Maddison
77%
Milieu Uruguay Rodrigo Bentancur
77%
Défenseur central Autriche Kevin Danso
76%
Défenseur central Pays de Galles Ben Davies
74%
Défenseur central Roumanie Radu Dragusin
74%
Ailier France Wilson Odobert
73%
Milieu Mali Yves Bissouma
73%
Buteur Angleterre Dominic Solanke
69%
Latéral droit Angleterre Djed Spence
67%
Entraîneur Australie Ange Postecoglou
65%
Milieu offensif Suède Dejan Kulusevski
65%
Milieu Suède Lucas Bergvall
63%
Latéral droit Angleterre Archie Gray
60%
Latéral gauche Espagne Sergio Reguilon
59%
Buteur Allemagne Timo Werner
59%
Gardien Angleterre Fraser Forster
58%
Gardien Angleterre Brandon Austin
51%
Gardien Angleterre Alfie Whiteman
46%
Ailier Angleterre Mikey Moore
44%
Buteur Angleterre Dane Scarlett
41%
Ailier Angleterre Damola Ajayi
21%
Milieu défensif Jamaïque Dante Cassanova
13%
Défenseur central Angleterre Malachi Hardy
9%
Milieu offensif Angleterre Luca Williams-Barnett
8%
Latéral gauche Angleterre Maeson King
8%
Milieu Angleterre Rio Kyerematen
6%
Milieu Angleterre Callum Olosesi
0%
Aucun quiz correspondant
Distribution des résultats
% des personnes avec chaque résultat
Percentile par nombre de réponses
Votre historique - résultats
Vous n’avez pas pris ce quiz